| 000 | 00458cam a2200181ua 4500 | ||
|---|---|---|---|
| 020 | _c$ 8.95 | ||
| 041 |
_aeng _h |
||
| 082 |
_a658.4038 _bDAV/MA |
||
| 100 | _aDavis, Gordon B . | ||
| 245 |
_aManagement information systems / _cGordon B Davis. _hTextual Documents |
||
| 250 |
_a2 / _b. |
||
| 260 |
_aNew York : _bMc Graw Hill Book Company , _c1985. |
||
| 300 | _a693 ; . | ||
| 365 | _a$ 8.95 | ||
| 504 | _a | ||
| 942 | _cBK | ||
| 999 |
_c1537 _d1537 |
||